| 000 | 00633nam a2200145 i 4500 | ||
|---|---|---|---|
| 001 | 184326 | ||
| 003 | ES-MaACL | ||
| 005 | 20230906222150.0 | ||
| 008 | 150622s1897 sp |||| | spa d | ||
| 245 | 0 | 0 |
_aGran establecimiento de los baños termales de Busot (provincia de Alicante) _b: propietario el Excmo. Sr. Marqués del Bosch, director facultativo el dr. D. Juan Cabrió y Grifol. |
| 260 |
_aAlicante : _b[s.n.], _c1897 ( _fImp. de Juan José Carratalá) |
||
| 300 |
_a26 p. : _bil. ; _c21 cm. |
||
| 650 | 4 |
_aBalnearios- _zBusot. _9152410 |
|
| 852 |
_aES-MaACL _jT-855-F-5 _z.- Enc. en un vol. facticio conservando la enc. original |
||
| 999 |
_c184326 _d184326 |
||